Tribhuvan University Central Library

Local knowledge for disaster preparedness a literature review (Record no. 71645)

MARC details
000 -LEADER
fixed length control field 00534 a2200193 4500
020 ## - INTERNATIONAL STANDARD BOOK NUMBER
International Standard Book Number 978-92-9225-042-7
082 ## - DEWEY DECIMAL CLASSIFICATION NUMBER
Classification number 363.346
Item number INT-l
-- Disaster Risk Management
100 ## - MAIN ENTRY--PERSONAL NAME
Personal name Dekens, Julie
245 ## - TITLE STATEMENT
Title Local knowledge for disaster preparedness a literature review
260 ## - PUBLICATION, DISTRIBUTION, ETC.
Place of publication, distribution, etc. kathmandu
Name of publisher, distributor, etc. ICIMOD
Date of publication, distribution, etc. 2007
300 ## - PHYSICAL DESCRIPTION
Extent Xviii, 83p.
504 ## - BIBLIOGRAPHY, ETC. NOTE
Bibliography, etc. note Included Bibliography
650 ## - SUBJECT ADDED ENTRY--TOPICAL TERM
Topical term or geographic name entry element Flood
650 ## - SUBJECT ADDED ENTRY--TOPICAL TERM
Topical term or geographic name entry element Natural Hazards
650 ## - SUBJECT ADDED ENTRY--TOPICAL TERM
Topical term or geographic name entry element Globalization
650 ## - SUBJECT ADDED ENTRY--TOPICAL TERM
Topical term or geographic name entry element Landslides
653 ## - INDEX TERM--UNCONTROLLED
Uncontrolled term Disaster Management
942 ## - ADDED ENTRY ELEMENTS (KOHA)
Source of classification or shelving scheme Dewey Decimal Classification
Koha item type Disaster Risk Management
Holdings
Withdrawn status Lost status Source of classification or shelving scheme Damaged status Not for loan Home library Current library Date acquired Total Checkouts Full call number Barcode Date last seen Price effective from Koha item type
    Dewey Decimal Classification     Tribhuvan University Central Library Tribhuvan University Central Library 04/17/2014   DRM 363.346/INT-l/I DRM26. 04/17/2014 04/17/2014 Disaster Risk Management
    Dewey Decimal Classification     Tribhuvan University Central Library Tribhuvan University Central Library 04/17/2014   DRM 363.346/INT-l/I DRM182 04/17/2014 04/17/2014 Disaster Risk Management